| 000 | 00534nam a2200181Ia 4500 | ||
|---|---|---|---|
| 005 | 20250317123553.0 | ||
| 008 | 008 250317s9999 xx 000 0 eng d | ||
| 037 | _aTextbook | ||
| 040 |
_aFMSL _beng _cFMSL |
||
| 041 |
_aeng _2eng |
||
| 084 |
_aD658(B) L3 _qFMSL |
||
| 100 |
_aPage E S _9735538 |
||
| 245 | 0 | _aInformation represeantation & manpulation in a computers | |
| 260 |
_aLondon _bLondon, Combridge University _c1973 |
||
| 300 | _a237p | ||
| 942 |
_cTB _hD658(B) L3 |
||
| 999 |
_c1251821 _d1251821 |
||